00939nai a2200205Ia 4500003000900000008004100009022002300050040001600073245009100089260008600180310001300266362002400279521006900303650003700372650004600409856009300455942000700548999001700555952016100572IN-BaIIA211028c9999 xx s 000 0 eng d a2329-9231 (Online) cIIA Library 0aIEEE Journal on Exploratory Solid-State Computational Devices and Circuitsh[eJournal] aNew York, USAbThe Institute of Electrical and Electronics Engineers, Inc. (IEEE) aAnnually a1(); 2015 - Present bSubscribed through National Knowledge Resource Consortium (NKRC) a Computing and Processing948785 aComponents, Circuits, Devices and Systems uhttps://ieeexplore.ieee.org/servlet/opac?punumber=6570653yClick Here to Access eJournal cEJ c34532d34532 00104070aBANbBANd2009-01-01eNKRCh1(); 2015 - Presentl0pEJ616r2021-11-05uhttps://ieeexplore.ieee.org/servlet/opac?punumber=6570653w2021-11-05yEJ